00565nam a2200169Ia 450000500170000000800410001704100080005808200150006610000230008124500310010426000470013530000070018250000290018994200070021899900190022595201510024420230826075309.0230703s9999 xx 000 0 und d aeng a158.1bCAR aCarnegie D9106261 aCheck list for supervisors bNational Foremen's InstituteaLondonc1956 a24 aPersonality Development  cDB c166903d166903 00102ddc4070aHIMRbHIMRd2023-07-03eMr. Anil Gogateg1.00o158.1 CAR DB3087 pHIMR-DB-3087r2023-07-03 00:00:00v1.00w2023-07-03yDBzDB3087